Sélectionneurs de l'Equipe de France - Statistiques

Statistiques générales
  • Ce quiz a été pris 99 fois
  • Le résultat moyen est 8 sur 16
Statistiques - réponses
Période d'activité Nombre de matchs
en tant que sélectionneur
Sélectionneur % Correct
2012 - Aujourd'hui 147 Deschamps
100%
2010 - 2012 27 Blanc
98%
2004 - 2010 79 Domenech
93%
1994 - 1998 53 Jacquet
87%
1988 - 1992 29 Platini
77%
2002 - 2004 28 Santini
54%
1998 - 2002 53 Lemerre
52%
1976 - 1984 75 Hidalgo
50%
1984 - 1988 36 Michel
40%
1967 2 Fontaine
38%
1992 - 1993 12 Houllier
36%
1973 - 1975 15 Kovacs
20%
1969 - 1973 31 Boulogne
10%
1966 4 Snella - José Arribas
6%
1964 - 1966 15 Guérin
4%
1967 - 1968 9 Dugauguez
3%
Aucun quiz correspondant
Distribution des résultats
% des personnes avec chaque résultat
Percentile par nombre de réponses
Votre historique - résultats
Vous n’avez pas pris ce quiz